Central Library OPAC University of Rajshahi

Libyan studies : (Record no. 64664)

MARC details
000 -LEADER
fixed length control field 00867nam a2200265 a 4500
001 - CONTROL NUMBER
control field 64664
003 - CONTROL NUMBER IDENTIFIER
rucl marc code BD-RjUL
005 - DATE AND TIME OF LATEST TRANSACTION
control field 20211209081331.0
008 - FIXED-LENGTH DATA ELEMENTS--GENERAL INFORMATION
fixed length control field 170219s1976 enkaf b 001 0 eng d
020 ## - INTERNATIONAL STANDARD BOOK NUMBER
International Standard Book Number 0236176803
035 ## - SYSTEM CONTROL NUMBER
System control number (BD-RjUL)64794
040 ## - CATALOGING SOURCE
Original cataloging agency BD-RjUL
Language of cataloging eng
Transcribing agency BD-RjUL
041 ## - LANGUAGE CODE
Language code of text/sound track or separate title eng
082 ## - DEWEY DECIMAL CLASSIFICATION NUMBER
Classification number 939.74
Edition number 23
Author mark and year GOL 1976
100 1# - MAIN ENTRY--PERSONAL NAME
Personal name Goodchild, R. G.
Fuller form of name (Richard George)
9 (RLIN) 191721
245 10 - TITLE STATEMENT
Title Libyan studies :
Remainder of title select papers of the late R. G. Goodchild /
Statement of responsibility, etc. R. G. Goodchild ; edited by Joyce Reynolds
260 ## - PUBLICATION, DISTRIBUTION, ETC. (IMPRINT)
Place of publication, distribution, etc. London :
Name of publisher, distributor, etc. P. Elek,
Date of publication, distribution, etc. c1976
300 ## - PHYSICAL DESCRIPTION
Pagination xxii, 345 p. :
Illustrations ill. ;
Size 24 cm
500 ## - GENERAL NOTE
General note Includes index
504 ## - BIBLIOGRAPHY, ETC. NOTE
Bibliography, etc "Bibliography of R. G. Goodchild": p. [xvii]-xxii
650 #0 - SUBJECT ADDED ENTRY--TOPICAL TERM
Topical term or geographic name as entry element Romans
Geographic subdivision Libya
9 (RLIN) 191722
651 #0 - SUBJECT ADDED ENTRY--GEOGRAPHIC NAME
Geographic name Tripolitania
General subdivision Antiquities, Roman
9 (RLIN) 191723
Geographic name Cyrenaica
General subdivision Antiquities, Roman
9 (RLIN) 191724
942 ## - ADDED ENTRY ELEMENTS (KOHA)
Source of classification or shelving scheme Dewey Decimal Classification
Koha item type Books
Holdings
Lost status Source of classification or shelving scheme Damaged status Not for loan Collection code Permanent Location Current Location Shelving location Date acquired Source of acquisition Cost, normal purchase price Total Checkouts Full call number Date last seen Copy number Koha item type
  Dewey Decimal Classification   Not For Loan Non-fiction Central Library, University of Rajshahi Central Library, University of Rajshahi Reading Room 05/10/1979 Heffer 17.50   939.74 GOL 1976 19/02/2017 C-1 Books